| 000 | 01046nam a2200277 a 4500 | ||
|---|---|---|---|
| 999 |
_c5065 _d5065 |
||
| 003 | UkOxU | ||
| 005 | 20220403215957.0 | ||
| 008 | 860101s1995 enka 001 0 eng d | ||
| 020 | _a9780412550003 | ||
| 040 | _cAlupe University | ||
| 049 |
_aCU _lb _m+ |
||
| 050 |
_aRJ431 _b.P34 1995 |
||
| 092 | _aD0503051895 | ||
| 245 | 0 | 0 |
_aPaediatric respiratory care : _ba guide for physiotherapists and health professionals / _cedited by S. Ammani Prasad and Juliette Hussey ; Jo Campling, commissioning editorial consultant |
| 260 |
_aLondon : _bChapman & Hall, _c1995 |
||
| 300 |
_a180 p. ; _c25 cm |
||
| 650 | 0 | _aPediatric respiratory diseases | |
| 650 | 0 | _aRespiratory therapy for children | |
| 650 | 0 | _aRespiratory therapy for newborn infants | |
| 700 | 1 | _aAmmani Prasad, S. | |
| 700 | 1 | _aHussey, Juliette. | |
| 856 | _uhttp://172.30.46.200/cgi-bin/koha/opac-retrieve-file.pl?id=674c29758689fe962b1beead2fdb3f38 | ||
| 942 |
_2lcc _cEB _nMW |
||